00481nam a2200157 450000500170000000800410001702000220005804100120008008200240009210000170011611000240013324500840015726000400024130000210028136500210030220260122123958.0260122b |||||||| |||| 00| 0 eng d a978-0-143-46038-1 aEnglish aX 613.7 SARbB12192 aSaraf, Subah aSaraf, Harshvardhan aThe Satvic Revolutionb: 7 Life changing habits to discover peak health and joy aHaryanabPenguin Random Housec2024 axxviii,466p.bpb aRupayeb318cINR